00367 a2200109 4500003000500000005001700005040000900022082000800031245007900039260003200118650010700150Nust20170207165047.0 cNust a799 aVisit of Team EX Libyan Armed Forces Trg Dept (AFTD),Photographs-2014cMCS aRawalpindibMCSc15-05-2014 aPictures of Visit of Team EX Libyan Armed Forces Trg Dept (AFTD),Photographs-2014, (CD-NO 24 Vol III)